MDQL
is popping MORE tags! Check the
thread
!
Quizzes
Events
Quiz Creation
Community
Videos
Private Events
Remove Ads
Sign In
Join for FREE
Feedback
Dark Mode
Quiz Categories
Sports
Geography
Music
Movies
Television
Just For Fun
Miscellaneous
History
Literature
Language
Science
Gaming
Entertainment
Religion
Holiday
For Kids
Quiz Lab
Recent
Popular Today
Quiz Kudos Today
Editor Picks
Curator Picks
Quizzes by...
Day
Popularity
Type
Ratings
Length
Year
Community
Subscriptions
Recent Discussions
Orange Saloon
Badges
Playlists
Quests
Create
Leaderboards
Showdown
Live 5
Trivia Bingo
Activity
Puzzle Library
Sporcle Events
Private Events
Virtual Trivia
Globe League
Become a Host
Pub Owners
SporcleCon
Opinionation
Our Games
Videos
Blog
Mobile Apps
Partnerships
Remove Ads and Go Orange
Feedback
Literature
Harry Potter
A Song of Ice and Fire
The Hunger Games
Literary Character
Shakespeare
Book
Author
Novel
Poem
Young Adult
Children's Books
Play
Lord of the Rings
Literature
Harry Potter
A Song of Ice and Fire
The Hunger Games
Literary Character
Shakespeare
Book
Author
Novel
Poem
Young Adult
Children's Books
Play
Lord of the Rings
Random Quiz
Search Sporcle
×
Quiz Lab
Quiz Lab
Literature
Song
Type in answers that appear in a list
Type in answers that appear in a list
Classic
Best Score? Go Orange.
A Song of Ice and Fire: MEGA Trivia Stats
Think you know everything about George RR Martin's 'A Song of Ice and Fire' series? Think again!
By
Ignacio
20m
112 Questions
637 Plays
637 Plays
637 Plays
Comments
Comments
Give Quiz Kudos
Give Quiz Kudos
-
- Ratings
hide this ad
Forced Order
Answers have to be entered in order
Answers have to be entered in order
Random Order
Randomize order of answers
Randomize order of answers
Replay
Link that replays current quiz
Next Quiz
Link to next quiz in quiz playlist
You Got
0%
They Got
Avg Score
41%
Avg Friend Score
Upgrade to see
Score Distribution
Jump to the score distribution portion of the page
Score
0/112
Timer
20:00
0
Plays Today
Question
Answer
% Correct
Instead of the gold price, what do the Ironborn traditionally pay?
The iron price
77.1%
Which house has two blue towers, united by a bridge, on a silver-
grey field as their coat-
of-
arms?
House Frey
74.9%
The Starks of Winterfell trace their descent back to what legendary figure?
Bran the Builder
74.6%
Which red priest fights with a sword covered in a thin layer of wildfire?
Thoros of Myr
73.8%
What is the name given to the disease which leaves the skin grey and stone-
like?
Greyscale
73.6%
What is the name given to the deities of stone, earth and tree, who are now only worshipped in the north of Westeros?
The Old Gods
70.6%
Who was the famous warrior-
queen of the Rhoynar people?
Nymeria
69.2%
What is the accustomed surname for bastards born in the Crownlands?
Waters
68.9%
What is the ancestral seat of House Connington?
Griffin's Roost
68.1%
Which Targaryen king is referred to as 'the Cruel'?
Maegor I
68%
Which house has a white merman on a blue-
green field as their coat-
of-
arms?
House Manderly
67.7%
What is the name of the remote island in the Shivering Sea famous for cannibals and unicorns?
Skagos
66.7%
Where in Winterfell would one go if they were to worship the Old Gods?
The Godswood
66.7%
Who served as Master of Laws in the Small Council of King Robert?
Renly Baratheon
66.2%
Along with Dorne, what is the chief winemaking area of Westeros?
The Arbor
66.1%
Where in Westeros would you find the Chamber of the Painted Table?
Dragonstone
65.8%
What ancient fortification on the northern edge of the Neck has protected the North from invasion for thousands of years?
Moat Cailin
65.5%
During Robert's Rebellion, which Hand of the King was defeated at The Battle of the Bells
Jon Connington
65.3%
Which house has a grape cluster on an azure field as their coat-
of-
arms?
House Redwyne
65%
What was the ancestral seat of House Reyne?
Castamere
64.8%
What is the name given to a wandering knight who has no master?
Hedge knight
64.7%
Tycho Nestoris serves as an agent and representative of what bank?
The Iron Bank of Braavos
64.4%
What is the name of the predatory cats found beyond the Wall and in the Mountains of the Moon?
Shadowcats
63.7%
The war of succession between Aegon II and Rhaenyra I is often referred to as what?
The Dance of the Dragons
62.2%
What is the name of the ancient throne of the Iron Islands
The Seastone Chair
62%
The Guild of the Faceless Men worship what god?
The Many-Faced God
62%
What house has the ancestral seat of Last Hearth?
House Umber
62%
What is the favored weapon of choice for a member of the Dothraki?
The arakh
61.4%
Which house has a sword across a falling white star on a purple field as their coat-
of-
arms?
House Dayne
60.6%
Which of the great dragons did Rhaenys Targaryen ride into battle on?
Meraxes
59.3%
In the Red Keep, who traditionally has his chambers beneath the rookery?
The Grand Maester
58.4%
If a maester has a link of Valyrian Steel, what has he studied?
Magic and the occult
58.4%
What house has the ancestral seat of Evenfall Hall?
House Tarth
58.1%
According to legend, who is the trickster who swindled Casterly Rock from the Casterlys using nothing but his wits?
Lann the Clever
57.5%
What poison was used by Lysa Arryn to murder her husband Jon?
The Tears of Lys
56.8%
What is the name given to the period in history where a terrible darkness fell across Westeros, and White Walkers roamed the lands?
The Long Night
56.2%
Where does Areo Hotah, captain of Doran Martell's guard, hail from?
Norvos
56%
What is the emblem of the slaver's city known as Astapor?
A harpy
55.9%
Question
Answer
% Correct
The islands of Walano, Omburu and Jhala make up what archipelago south of Westeros?
The Summer Islands
55.1%
What is the ancestral seat of House Glover?
Deepwood Motte
54.9%
The castle of Harrenhal sits on the northern shore of what lake in the Riverlands?
The Gods Eye
54.8%
What is the largest structure in the city of Meereen?
The Great Pyramid
53.4%
Which Lyseni pirate fights for Stannis Baratheon during the War of the Five Kings?
Salladhor Saan
52.9%
Of the nineteen castles on the Wall, which was the first to be built?
The Nightfort
52%
What is the large bay in the Stormlands along the eastern coast of Westeros called?
Shipbreaker Bay
50.2%
What is the name of the major road in Westeros which begins near King's Landing and extends southwest through the Reach?
The Roseroad
49.5%
Who served as Lord Commander of the Kingsguard during the reign of Aerys II?
Gerold Hightower
49%
According to religion, the Lord of Light R'hllor is locked in an eternal struggle with which god?
The Great Other
48.5%
What is the name of the large mountain chain located beyond the Wall?
The Frostfangs
48.2%
Which Pentoshi serves as the military commander of the mercenary company the Windblown?
The Tattered Prince
47.3%
Which King-
Beyond-
the-
Wall blew the Horn of Winter, and awoke giants from the earth?
Joramun
46.6%
What house has the ancestral seat of Raventree Hall?
House Blackwood
46.6%
Which of the Blackfyre Pretenders was referred to as Bittersteel?
Aegor Rivers
44.4%
Who won the tourney in celebration of Balon Greyjoy's defeat after the Siege of Pyke?
Jorah Mormont
44.4%
Casterly Rock and Lannisport look over which sea?
The Sunset Sea
44.1%
What is the name of the massive, swamp-
dwelling reptiles found in the Neck?
Lizard-lions
44.1%
Which house has black iron studs on a bronze field, bordered with runes as their coat-
of-
arms?
House Royce
43.8%
What is the name given to the series of battlements that leads into the Vale of Arryn from the Mountains of the Moon?
The Bloody Gate
42.7%
Timett son of Timett rules as Red Hand in which mountain clan?
The Burned Men
42.1%
What is the name of the holy text of the Faith of the Seven?
The Seven-Pointed Star
41.9%
What is the chief deity associated with Dothraki culture?
The Great Stallion
41.3%
Who was King during the Conquest of Dorne?
Daeron I
40.7%
Which Wise Master of Yunkai is referred to as the Yellow Whale?
Yezzan zo Qaggaz
40.3%
What house has six white shells on a yellow field as their coat-
of-
arms?
House Westerling
40.2%
Who was King of the Iron Islands and the Riverlands during the Wars of Conquest?
Harren the Black
38.1%
Who did Hoster Tully of Riverrun take as his wife?
Minisa Whent
37.2%
The Tyrells of Highgarden can trace their descent back to which legendary King of the Reach?
Garth Greenhand
36.6%
Which house has a sea turtle on a green field as their coat-
of-
arms?
House Estermont
36.6%
What do the Warlocks of Qarth drink that makes their lips go blue?
Shade-of-the-evening
36.1%
Prince Garin the Great led an army of a quarter of a million men against what empire?
The Valyrian Freehold
35.6%
Who serves as First Builder in the Night's Watch when Jon Snow is elected Lord Commander?
Othell Yarwyck
35%
What is the ancestral seat of House Florent?
Brightwater Keep
34.9%
Who served as Hand of the King during the reign of Aegon I?
Orys Baratheon
34.7%
What is the ancestral seat of House Velaryon?
Driftmark
31.7%
Who serves as maester for House Arryn of the Vale?
Maester Colemon
30.9%
During the Greyjoy Rebellion, who slew Rodrik Greyjoy beneath the walls of Seagard?
Jason Mallister
30.6%
Question
Answer
% Correct
What stronghold in the Westerlands guards the main pass into the Riverlands?
The Golden Tooth
29.8%
What is the main export of the Free City of Myr?
Lace
29.7%
Which house has two scythes counterchanged on a black and silver field as their coat-
of-
arms?
House Harlaw
26.5%
What house has the ancestral seat of Lemonwood?
House Dalt
26.4%
When the Andals attacked Westeros, where did they first land?
The Fingers
25.3%
Asides from beyond the Wall, where in the known world might you find mammoths?
The Port of Ibben
24.8%
According to legend, which Storm King built Storm's End to protect himself from the Gods?
Durran Godsgrief
23.4%
What is the largest animal Varamyr Sixskins can warg into?
A snow bear
23.4%
Before joining the rest of Commander Mormont's party, Qhorin Halfhand kills which wildling leader?
Alfyn Crowkiller
22.8%
What house has the ancestral seat of Ashemark?
House Marbrand
22.4%
Which of the Iron Islands is the site of the seats of House Orkwood and House Tawney?
Orkmont
22.1%
What is the ancestral seat of House Bracken?
Stone Hedge
21.4%
What house has the ancestral seat of Heart's Home?
House Corbray
20.7%
The port city of Asshai is on the southernmost edge of what mountain peninsula?
The Shadow Lands
20.6%
Which of the city gates in King's Landing leads west to the Goldroad?
The Lion Gate
18.7%
What house has the ancestral seat of Lordsport?
House Botley
18.5%
What house has the ancestral seat of Goldengrove?
House Rowan
18.5%
The Eyrie sits astride what large mountain peak?
The Giant's Lance
15.9%
Who are the Giants referring to when they say Woh Dak Nag Gram?
The Children of the Forest
15.4%
What is the name of the large lake that lies near Vaes Dothrak?
The Womb of the World
15.4%
What large river in the Reach flows through the Citadel of Oldtown?
The Honeywine
14.8%
What house has the ancestral seat of Duskendale?
House Rykker
13.3%
What is the name of the tower where the throne room of Sunspear is situated?
The Tower of the Sun
12.2%
What is the ancestral seat of House Drumm?
Old Wyk
11.5%
Dorne joined the Seven Kingdoms when Daeron II married which Dornish princess?
Myriah Martell
11.3%
What is the ancestral seat of House Fowler?
Skyreach
11.3%
What alcoholic drink is the Free City of Tyrosh famous for?
Pear brandy
9.6%
On what street in King's Landing would you find the Guildhall of the Alchemist's?
The Street of Sisters
8.9%
What private army protects the Temple of the Lord of Light in Volantis?
The Fiery Hand
8.5%
When did the First Men first come to Westeros?
12,000 years ago
8.3%
What is the ancestral seat of House Waynwood?
Ironoaks
8.2%
What goddess do the Unsullied secretly worship?
The Lady of Spears
6%
The Drowned God of the Iron Islands is also known as what?
He Who Dwells Beneath the Waves
5.5%
What is the name of the battle outside the gates of Qohor, where the Unsullied fended of 25,000 Dothraki horsemen?
The Battle of the Three Thousand
5%
What do the Children of the Forest refer to themselves as?
Those who sing the songs of the earth
4.6%
The Pureborn of Qarth rule their city from what seat of government?
The Hall of a Thousand Thrones
3.5%
Quiz Playlist
Details
Report
Send in Message
Add To Playlist
Classic:
Type in answers that appear in a list
Forced Order:
Answers have to be entered in order
Random Order:
Randomize order of answers
Last Updated: Feb 16, 2017
Quiz Scoreboard
CHALLENGE
Sign Up to Join the Scoreboard
Show All
Scores
Hide
Comments
May contain spoilers
Recently Published
Find the 'City' Movie
by crazypaving
Movies
60s
5x2 Blitz: Bands
by SL_Kpop136
Music
30s
Colored Red Africa Blitz
by spor1
Geography
30s
More to Explore
Quiz From the Vault
Featured Blog Post
14 Easter Pick-up Lines to Find Eggs With
hide this ad
You Might Also Like...
Tags
Song Quiz
Again
Everything
fire
george
ice
mega
Today's Top Quizzes in Literature
Browse Literature
hide this ad
Today's Top Quizzes in Song
Browse Song
Top Contributed Quizzes in Literature
1
Sneaky Slytherin Logic Puzzle
2
Harry Potter Slytherin Logic Puzzle
3
Get The Picture: Black or White Literature
4
Logic Puzzle: Avoid Dumbledore's Army
5
Mini Trivia Sudoku: A Song of Ice and Fire
6
A Song of Ice and Fire Logic Puzzle
7
One Thing in Common: Literature II
8
Books By Opening Lines IV
9
The Hunger Games Logic Puzzle: Find Katniss
10
Silmarillion Characters by Any 3 Letters
Explore More
Trending Topics
Harry Potter
Kpop
Anime
Marvel
Disney
NBA
Crossword
Pokémon
Country
Song
Puzzle
NFL
WWE
Soccer
The Office
hide this ad
More By:
Ignacio
Quiz
Plays
Rating
Category
Featured
Created
A Song of Ice and Fire: MEGA Trivia
637
4.82
Literature
Apr 11, 2014
Go to Creator's Profile
Score Distribution
Quiz Creator Spotlight
Ignacio
Follow
Send a Message
Quizzes Created
-
Created Quiz Play Count
-
More By This Creator
Popular Quizzes Today
1
Colored Red Africa Blitz
2
Find the 'City' Movie
3
Find the US States - No Outlines Minefield
4
5x2 Blitz: Bands
5
The Countries of the World
6
Find the US States
7
Find the Countries of Europe - No Outlines Minefield
8
US States
More Literature Quizzes
One Novel Each: Brontë Sisters
Published
Trending Quizzes
Colored Red Europe Blitz I
Colored Red Africa Blitz II
Colored Red Europe Blitz II
Colored Red Africa Blitz III
Colored Red Europe Blitz III
Recently Updated
How Do You Spell That?
pecheneg
Godzilla Movies
pecheneg
Grab Bag: 4-10 Letters
pecheneg
2024 March Madness Bracket
pecheneg
Famous TV Couples
Peacemaker
Champions League XIs: Real Madrid
pecheneg
Largest US Cities 1790-2010
pecheneg
Rides in Walt Disney World
pecheneg
Most Oscar Losses (Acting)
pecheneg
Beyoncé Albums
pecheneg
Trending Topics
Disney
Harry Potter
Kpop
Anime
Marvel
Crossword
NBA
Song
Puzzle
NFL
WWE
Pokémon
The Office
Soccer
Country
Your Account Isn't Verified!
In order to create a playlist on Sporcle, you need to verify the email address you used during registration. Go to your
Sporcle Settings
to finish the process.
Report this User
Report this user for behavior that violates our
Community Guidelines
.
Details:
Send Report
Go to the Sporcle.com Mobile Site →
Comments